000 00477nam a2200181Ia 4500
001 21269
005 20260306172907.0
008 260306t2022||||xx |||||||||||||| ||spa||
041 _aESP
082 _a344.512
_bR84
100 _aRosas Castañeda, Juan Antonio
_eAUT
245 0 _aDelito de homicidio:
_bcriterios dogmáticos y de política criminal
260 _c2022
300 _a511 páginas :
_c25 cm.
650 _aGEN
654 _aCDE
942 _cLIB
_dJUS
_fJUS
_2ddc
_n
999 _c21269
_d21269